| 000 | 00337nam a2200121Ia 4500 | ||
|---|---|---|---|
| 005 | 20251222141802.0 | ||
| 008 | 251222s9999||||xx |||||||||||||| ||spa|| | ||
| 020 | _a978-612-46047-0-6 | ||
| 082 | _a287.4/A78 | ||
| 245 | 0 | _aActas del Congreso Internacional Histórico-Teológico Pastoral: | |
| 264 | _bArzobispado de Arequipa | ||
| 942 | _cLIB | ||
| 999 |
_c6176 _d6176 |
||